İçeriği atla
Inicio
Centros participantes
Catálogo
Servicios
Contacto
Giriş
English
Deutsch
Español
Français
Italiano
日本語
Nederlands
Português
Português (Brasil)
中文(简体)
中文(繁體)
Türkçe
עברית
Gaeilge
Cymraeg
Ελληνικά
Català
Euskara
Русский
Čeština
Suomi
Svenska
polski
Dansk
slovenščina
اللغة العربية
বাংলা
Galego
Tiếng Việt
Hrvatski
हिंदी
Հայերէն
Українська
Sámegiella
Dil
Tüm Alanlar
Materyal Adı
Yazar
Konu
Yer Numarası
ISBN/ISSN
Etiket
Ara
Gelişmiş
Regional Profile: Central Amer...
Alıntıla
E-posta Gönder
Yazdır
Kaydı İhraç Et
İhraç Et RefWorks
İhraç Et EndNoteWeb
İhraç Et EndNote
Favorilerime ekle
Kalıcı bağlantı
Exportación Completada —
İlk derecelendirmeyi ekleyin
Regional Profile: Central America
Kaydedildi:
Detaylı Bibliyografya
Müşterek Yazar:
Canadian International Development Agency
Materyal Türü:
Metin
Baskı/Yayın Bilgisi:
Hull, Quebec:
CIDA
Etiketler:
Etiketle
Etiket eklenmemiş, İlk siz ekleyin!
Erişim Bilgileri
Diğer Bilgiler
Yorumlar
Benzer Materyaller
MARC Görünümü
MARC
LEADER
00000 a a2200000 04500
001
24203
003
040
090
|a
171600
110
|a
Canadian International Development Agency
245
|a
Regional Profile: Central America
260
|a
Hull, Quebec:
|b
CIDA
300
|a
15 p.
|b
**no definido**
|b
map.
999
|c
3492
|d
3492
Benzer Materyaller
La erradicación de la pobreza crítica en América Latina y el Caribe
El Espino: ¿Hacia el deterioro irreversible del medio ambiente en la ciudad de San Salvador? /
Yazar:: Lungo Uclés, Mario
El Salvador: sustaining peace, nourishing democracy /<The> Woodrow Wilson Center
Yazar:: Bland, Gary
El Sector informal: definición, controversia y relación con el desarrollo nacional /
Yazar:: Portes, Alejandro
Una evaluación del apoyo de SAREC a tres centros latinoamericanos de investigación de la mujer /
Yazar:: León, Magdalena